000
00230nam a2200109Ia 4500
999
_c
6771
_d
6771
020
_a
978-0198292227
100
_a
John Kay
245
4
_a
The Business of Economics
260
_a
New York
_b
Pearson
_c
1996
300
_a
216
942
_c
BK